[Event "AUTO-MASTER-493"]
[Site "http://www.queenalice.com/game.php?id=379282"]
[Date "2008.3.30"]
[Round "1"]
[White "willianfc"]
[Black "Constante"]
[Result "1-0"]
[WhiteElo "2011"]
[BlackElo "1952"]

1. e4 c6 2. d4 d5 3. e5 Bf5 4. Nf3 e6 5. Be2 Nd7 6. O-O Ne7 7. Be3 Qb6 8. b3 h6
9. c4 Ng6 10. Nc3 Be7 11. Bd3 Bg4 12. h3 Bxf3 13. Qxf3 Rf8 14. Bxg6 fxg6 15. Qg4
g5 16. Qxe6 Qc7 17. cxd5 cxd5 18. Nxd5 Nb6 19. Nxc7+ 1-0

[Event "AUTO-MASTER-493"]
[Site "http://www.queenalice.com/game.php?id=379283"]
[Date "2008.3.30"]
[Round "1"]
[White "Constante"]
[Black "willianfc"]
[Result "0-1"]
[WhiteElo "1927"]
[BlackElo "2045"]

1. e4 e5 2. Nf3 Nc6 3. Bc4 Bc5 4. c3 Nf6 5. b4 Bb6 6. a4 Nxe4 7. O-O a5 8. b5 d5
9. Bb3 Ne7 10. d3 Nf6 11. Nxe5 O-O 12. d4 Bf5 13. Bg5 Qd6 14. Qf3 c6 15. bxc6
bxc6 16. Bxf6 Qxf6 17. h3 Bc7 18. Ng4 Qg5 19. Re1 Ng6 20. g3 h5 21. Nh2 Bxh3 22.
Kh1 Rfe8 23. Rg1 Re7 24. Bd1 Bf5 25. Qxh5 Be4+ 0-1

[Event "Challenge"]
[Site "http://www.queenalice.com/game.php?id=388466"]
[Date "2008.4.16"]
[Round "-"]
[White "Nelson"]
[Black "willianfc"]
[Result "1-0"]
[WhiteElo "2306"]
[BlackElo "1991"]

1. e4 e5 2. Nf3 d6 3. Bc4 Nc6 4. d4 Be7 5. dxe5 Nxe5 6. Nxe5 dxe5 7. Qh5 g6 8.
Qxe5 Nf6 9. Nc3 c6 10. Bg5 O-O 11. Rd1 Bd7 12. Rxd7 Qxd7 13. Bxf6 Rad8 14. Bxe7
Qd2+ 15. Kf1 Rfe8 16. Qf6 Qc1+ 17. Ke2 Rd2+ 18. Kf3 Qxc2 19. Bxf7# 1-0

[Event "Challenge"]
[Site "http://www.queenalice.com/game.php?id=388467"]
[Date "2008.4.16"]
[Round "-"]
[White "willianfc"]
[Black "Nelson"]
[Result "0-1"]
[WhiteElo "2056"]
[BlackElo "2314"]

1. e4 e5 2. Bc4 Bc5 3. Qh5 Qf6 4. Nf3 Nc6 5. d3 h6 6. Bg5 Qg6 7. Qxg6 fxg6 8.
Bh4 d6 9. a3 g5 10. Bg3 Nf6 11. Nc3 Bg4 12. Bb5 O-O-O 13. Bxc6 bxc6 14. Nd2 Bd4
15. Nb3 Bb6 16. a4 a5 17. f3 Be6 18. Rc1 g4 19. f4 Be3 20. Rd1 exf4 21. Bf2 Bxb3
22. cxb3 Bxf2+ 23. Kxf2 Kd7 24. Ne2 g5 25. Nd4 Rb8 26. Rc1 c5 27. Nf5 Rxb3 28.
Rhd1 Rxb2+ 29. Kg1 f3 30. Ne3 Re2 31. Re1 f2+ 0-1

[Event "1º TP-ROO"]
[Site "http://www.queenalice.com/game.php?id=388907"]
[Date "2008.4.16"]
[Round "3"]
[White "willianfc"]
[Black "edimarbr"]
[Result "1/2-1/2"]
[WhiteElo "2078"]
[BlackElo "2057"]

1. e4 c5 2. c3 Nf6 3. d3 Nc6 4. Nf3 e5 5. Be3 d5 6. Nbd2 d4 7. Bg5 Be7 8. Be2
Be6 9. c4 O-O 10. O-O Nd7 11. Bxe7 Qxe7 12. a3 f5 13. Rb1 f4 14. Qa4 Kh8 15. b4
cxb4 16. axb4 a5 17. b5 Nb4 18. Ra1 Qf6 19. Nb3 Nb6 20. Qa3 Nc2 21. Qd6 Nxa1 22.
Rxa1 a4 23. Nc5 Bg4 24. Qxe5 Qxe5 25. Nxe5 Bxe2 26. f3 Rae8 27. Ng4 h5 28. Nf2
Nxc4 29. dxc4 Bxc4 30. Rxa4 Ra8 31. Rxc4 Ra1+ 32. Nd1 Rxd1+ 33. Kf2 Ra8 34. Ke2
Rg1 35. Kd3 Rxg2 36. Kxd4 Rxh2 37. Nxb7 g5 38. Nd6 g4 39. b6 g3 40. b7 Rg8 41.
Nf7+ Kg7 42. Rc8 Rb2 43. Nh6 Rxb7 44. Rxg8+ Kxh6 45. Ke5 Rg7 46. Rf8 Re7+ 47.
Kxf4 g2 48. Rf6+ Kh7 49. Rf5 Rxe4+ 50. fxe4 g1=Q 51. Rxh5+ Kg6 52. Rf5 Qf2+ 53.
Ke5 Qc5+ 54. Kf4 Qc7+ 55. Kf3 Qc1 1/2-1/2

[Event "Challenge"]
[Site "http://www.queenalice.com/game.php?id=389287"]
[Date "2008.4.17"]
[Round "-"]
[White "willianfc"]
[Black "KLEOJ"]
[Result "1-0"]
[WhiteElo "2023"]
[BlackElo "2096"]

1. e4 c5 2. c3 d5 3. f3 dxe4 4. fxe4 e5 5. Nf3 Nc6 6. Bb5 Bd6 7. O-O Ne7 8. Qb3
Be6 9. Bxc6+ bxc6 10. Qc2 O-O 11. d3 f5 12. Bg5 h6 13. Bh4 Qd7 14. Nbd2 Ng6 15.
exf5 Rxf5 16. b3 Raf8 17. Bg3 Nf4 18. Bxf4 Rxf4 19. Rf2 c4 20. bxc4 Bc5 21. Ne4
Bxf2+ 22. Nxf2 Qc7 23. Re1 a5 24. Re3 g5 25. h3 Bd7 26. Ne4 Bf5 27. Ng3 Bg6 28.
Qb3 Rb8 29. Qa3 Rb1+ 30. Kh2 e4 31. dxe4 g4 32. hxg4 Rxg4 33. e5 Qf7 34. Qd6 Qf4
35. Qd8+ Kh7 36. Qd7+ Bf7 37. Qf5+ Qxf5 38. Nxf5 Be6 39. N3d4 Bxf5 40. Nxf5 Rb2
41. e6 Rgxg2+ 42. Kh3 Rh2+ 43. Kg4 Rbg2+ 44. Kf4 Rf2+ 45. Ke4 Rhg2 46. e7 Rg4+
47. Kd3 Rg8 48. Nd6 Rf6 49. c5 1-0

[Event "Challenge"]
[Site "http://www.queenalice.com/game.php?id=397566"]
[Date "2008.5.3"]
[Round "-"]
[White "TinyDemons"]
[Black "willianfc"]
[Result "0-1"]
[WhiteElo "1873"]
[BlackElo "2046"]

1. d4 d5 2. Nc3 Nf6 3. Nf3 e6 4. g3 Nc6 5. Bg2 Bd7 6. O-O Bd6 7. e3 O-O 8. a3
Ne7 9. Qe2 c5 10. dxc5 Bxc5 11. b4 Bb6 12. Ne5 Rc8 13. Qd3 Nc6 14. Nxd7 Nxd7 15.
Bb2 Nce5 16. Qe2 a6 17. Rad1 Qe7 18. Nxd5 exd5 19. Bxd5 Rc7 20. c4 Nf6 21. Bxe5
Qxe5 22. Qf3 Nxd5 23. cxd5 Rd8 24. e4 Rc3 25. Rd3 Rdc8 26. Rfd1 Rc2 27. R1d2
Qa1+ 28. Rd1 Qb2 29. Rf1 Bxf2+ 30. Rxf2 Rxf2 31. Qxf2 Rc1+ 0-1

[Event "Challenge"]
[Site "http://www.queenalice.com/game.php?id=397567"]
[Date "2008.5.3"]
[Round "-"]
[White "willianfc"]
[Black "TinyDemons"]
[Result "1-0"]
[WhiteElo "2024"]
[BlackElo "1892"]

1. e4 e5 2. Bc4 Nf6 3. d3 d5 4. exd5 Nxd5 5. Qf3 Be6 6. Nc3 c6 7. Nge2 Bb4 8.
O-O Qa5 9. Nxd5 cxd5 10. Bb3 O-O 11. Qg3 f6 12. c3 Bd6 13. f4 exf4 14. Bxf4 Bxf4
15. Rxf4 Nd7 16. d4 Rf7 17. Raf1 b5 18. Rh4 Re8 19. Nf4 b4 20. Nxe6 Rxe6 21. Qh3
Nf8 22. Rxh7 Nxh7 23. Qxe6 Ng5 24. Qxd5 Qb6 25. h4 1-0

[Event "Challenge"]
[Site "http://www.queenalice.com/game.php?id=400329"]
[Date "2008.5.9"]
[Round "-"]
[White "b3nedtiojr"]
[Black "willianfc"]
[Result "0-1"]
[WhiteElo "1270"]
[BlackElo "1985"]

1. h4 e5 2. g3 d5 3. Bh3 Nc6 4. e3 Nf6 5. d4 e4 6. f3 exf3 7. Nxf3 Ne4 8. Ne5
Nxe5 9. dxe5 Nxg3 10. Rh2 Qxh4 11. Bd7+ Bxd7 12. Rxh4 Be6 13. Nc3 Bb4 14. Rxb4
O-O-O 15. Nb5 Kb8 16. Qd4 b6 17. a4 c5 18. Qh4 Nf5 19. Qh1 cxb4 20. e4 Ng3 21.
Qh4 Nxe4 22. Qe7 Rd7 23. Qxb4 g5 24. a5 a6 25. Nd4 b5 26. Nxb5 Rb7 27. Qa3 Rxb5
28. b4 g4 29. Ra2 Rc8 30. Rb2 Rc3 31. Qa2 d4 32. Qb1 g3 33. Bd2 g2 34. Ke2 Bg4+
0-1

[Event "AUTO-ADV-810"]
[Site "http://www.queenalice.com/game.php?id=402451"]
[Date "2008.5.13"]
[Round "2"]
[White "THECRAZY"]
[Black "willianfc"]
[Result "1-0"]
[WhiteElo "1846"]
[BlackElo "2025"]

1. d4 d5 2. c4 c6 3. Nc3 Nf6 4. Bg5 Nbd7 5. Nf3 h6 6. Bh4 dxc4 7. e4 b5 8. e5
Nd5 9. Nxd5 cxd5 10. Be2 g5 11. Bg3 e6 12. O-O a5 13. Nd2 Bg7 14. f4 Qb6 15. Nf3
g4 16. Nh4 h5 17. f5 Bxe5 18. Bxe5 Nxe5 19. Kh1 Nc6 20. fxe6 Bxe6 21. Qc2 Nxd4
22. Qc3 O-O-O 23. Qe3 Kb7 24. Rad1 Nxe2 25. Qxe2 Rd7 26. Rf6 Rhd8 27. Nf5 d4 28.
Qe4+ Qc6 29. Qe1 d3 30. Qxa5 Ra8 31. Qc3 1-0

[Event "AUTO-ADV-810"]
[Site "http://www.queenalice.com/game.php?id=402452"]
[Date "2008.5.13"]
[Round "2"]
[White "willianfc"]
[Black "THECRAZY"]
[Result "0-1"]
[WhiteElo "2002"]
[BlackElo "1869"]

1. e4 c5 2. Bc4 a6 3. Qh5 e6 4. d3 Nf6 5. Qf3 b5 6. Bb3 Bd6 7. c3 Bb7 8. Bg5 Be7
9. Qe3 Nc6 10. Nf3 h6 11. Bxf6 Bxf6 12. Qxc5 Be7 13. Qe3 O-O 14. Nbd2 a5 15. a4
b4 16. O-O Bg5 17. Nxg5 Qxg5 18. Qxg5 hxg5 19. f4 gxf4 20. Rxf4 Ne5 21. Bc4 d5
22. Bb5 Ba6 23. d4 Nc4 24. Nxc4 dxc4 25. Bxa6 Rxa6 26. Raf1 b3 27. d5 exd5 28.
exd5 f6 29. Rxc4 Rd8 30. Rd1 Kf7 31. Rc5 g5 32. Rb5 Ra7 33. Rxb3 Re7 0-1

[Event "AUTO-ADV-810"]
[Site "http://www.queenalice.com/game.php?id=402455"]
[Date "2008.5.13"]
[Round "2"]
[White "willianfc"]
[Black "Pagano"]
[Result "1-0"]
[WhiteElo "2032"]
[BlackElo "1992"]

1. e4 e5 2. Bc4 Nf6 3. Nf3 Qe7 4. d3 d6 5. Ng5 Be6 6. Bxe6 fxe6 7. O-O Nbd7 8.
Nc3 a6 9. f4 h6 10. Nh3 O-O-O 11. b3 Rg8 12. fxe5 Nxe5 13. d4 Nc6 14. Be3 g5 15.
Nf2 d5 16. e5 Nd7 17. Ng4 Bg7 18. a3 Nf8 19. Qd3 Nd7 20. Na4 Rdf8 21. c4 h5 22.
Nf2 Ndxe5 23. dxe5 Nxe5 24. Qe2 Nd7 25. Ra2 d4 26. Bd2 g4 27. Ne4 Rxf1+ 28. Qxf1
Rf8 29. Qc1 Qf7 30. Bb4 Rh8 31. c5 d3 32. Bc3 e5 33. Rb2 Bh6 34. Bd2 Bxd2 35.
Qxd2 Qd5 36. Qe3 Rf8 37. Nac3 Qc6 38. b4 Nf6 39. Nxf6 Qxf6 40. Rf2 1-0

[Event "AUTO-ADV-810"]
[Site "http://www.queenalice.com/game.php?id=402456"]
[Date "2008.5.13"]
[Round "2"]
[White "Pagano"]
[Black "willianfc"]
[Result "1-0"]
[WhiteElo "2037"]
[BlackElo "2020"]

1. f4 d5 2. Nf3 Nf6 3. b3 b6 4. Bb2 Nbd7 5. e3 g6 6. g4 Bg7 7. g5 Nh5 8. Bxg7
Nxg7 9. Bb5 c6 10. Bxc6 Rb8 11. Bxd5 O-O 12. Nc3 Ba6 13. d3 Nf5 14. Qe2 Rc8 15.
Kd2 Qc7 16. Bc4 Bxc4 17. bxc4 Nc5 18. Nd5 Qd6 19. e4 Ng7 20. a4 e6 21. e5 Qd7
22. Nf6+ 1-0

[Event "Challenge"]
[Site "http://www.queenalice.com/game.php?id=417631"]
[Date "2008.6.15"]
[Round "-"]
[White "Claudemir"]
[Black "willianfc"]
[Result "1-0"]
[WhiteElo "2039"]
[BlackElo "2048"]

1. e4 e5 2. Nf3 Bc5 3. Bc4 Nc6 4. d3 Nf6 5. Bg5 h6 6. Bh4 g5 7. Bg3 d6 8. h3 a6
9. Nc3 Bb4 10. O-O Na5 11. Nd5 Nxd5 12. Bxd5 c6 13. Bb3 Nxb3 14. axb3 Bc5 15. d4
exd4 16. Nxd4 Qf6 17. e5 Qg6 18. exd6 Bxd6 19. Bxd6 Qxd6 20. Re1+ Be6 21. Nxe6
Qxd1 22. Raxd1 fxe6 23. Rxe6+ Kf7 24. Re2 Rad8 25. Red2 Rxd2 26. Rxd2 Ke6 27. f3
Rf8 28. Kf2 Rf5 29. Rd8 Rc5 30. c4 b5 31. Rd4 a5 32. Ke3 a4 33. bxa4 bxc4 34.
Kd2 1-0

[Event "Challenge"]
[Site "http://www.queenalice.com/game.php?id=417632"]
[Date "2008.6.15"]
[Round "-"]
[White "willianfc"]
[Black "Claudemir"]
[Result "0-1"]
[WhiteElo "1973"]
[BlackElo "2066"]

1. e4 c5 2. c3 Nc6 3. d4 e6 4. Nf3 cxd4 5. cxd4 Bb4+ 6. Bd2 Qc7 7. a3 Bxd2+ 8.
Qxd2 Nf6 9. Nc3 a6 10. Be2 b5 11. h3 Bb7 12. e5 Ng8 13. Qg5 Kf8 14. Rd1 h6 15.
Qg4 Nge7 16. Bd3 b4 17. Ne4 Nf5 18. O-O bxa3 19. bxa3 Nce7 20. Rc1 Qd8 21. Rc2
Rc8 22. Rfc1 Rxc2 23. Rxc2 d6 24. Qf4 dxe5 25. Qxe5 Nc6 26. Qc5+ Qe7 27. Qxe7+
Kxe7 28. Bxa6 Bxa6 29. Rxc6 Ra8 0-1

[Event "1º Só na Manha"]
[Site "http://www.queenalice.com/game.php?id=424878"]
[Date "2008.6.29"]
[Round "2"]
[White "willianfc"]
[Black "Mutreta"]
[Result "1-0"]
[WhiteElo "2074"]
[BlackElo "1767"]

1. e4 d5 2. e5 c5 3. c3 Nc6 4. d4 Bf5 5. Be3 Qb6 6. Qb3 Qxb3 7. axb3 cxd4 8.
Bxd4 Nxd4 9. cxd4 Rc8 10. Nc3 a6 11. Nxd5 e6 12. Nc3 Bb4 13. Kd2 Ne7 14. Bd3 O-O
15. Bxf5 Nxf5 16. Nf3 Rfd8 17. Kd3 Rd7 18. Rhd1 Ne7 19. Rac1 Rcd8 20. Na4 Nd5
21. Ke2 Ba5 22. Kf1 h6 23. Rc2 b5 24. Nc5 Rc7 25. Rcc1 Ra7 26. Ne4 Nb4 27. Ng1
Bb6 28. Ne2 Rad7 29. Nd6 Ba7 30. Nc3 Bb8 31. Nce4 Ra7 32. g4 Nd5 33. h4 Bc7 34.
Kg2 Nf4+ 35. Kf3 Nd5 36. Kg3 Bb8 37. f4 g6 38. Rc5 Kg7 39. Rdc1 Rad7 40. Rc6
Bxd6 41. Nxd6 Nb4 42. Rc7 Nd5 43. Rxd7 Rxd7 44. Rc8 Ra7 45. f5 gxf5 46. gxf5
exf5 47. Nxf5+ Kg6 48. Nd6 Ne7 49. Rh8 Nc6 50. Rg8+ Kh7 51. Rg4 Rd7 52. h5 Ne7
53. Rf4 Nc6 54. Kf3 f6 55. Ke4 fxe5 56. dxe5 Rg7 57. e6 Rg1 58. Kd5 Nb4+ 59.
Rxb4 Re1 60. Re4 Rd1+ 61. Ke5 1-0

[Event "Challenge"]
[Site "http://www.queenalice.com/game.php?id=425977"]
[Date "2008.7.1"]
[Round "-"]
[White "willianfc"]
[Black "KLEOJ"]
[Result "0-1"]
[WhiteElo "1981"]
[BlackElo "2186"]

1. e4 c5 2. Nf3 e6 3. c3 Nf6 4. d3 Nc6 5. Bg5 Be7 6. Nbd2 Qc7 7. Be2 d5 8. O-O
O-O 9. Bh4 b6 10. Bg3 Bd6 11. Bxd6 Qxd6 12. Re1 Re8 13. Bf1 e5 14. exd5 Nxd5 15.
d4 Bg4 16. Qa4 exd4 17. cxd4 cxd4 18. Nxd4 Bd7 19. Bb5 Nde7 20. Rxe7 Rxe7 21.
Bxc6 Bxc6 22. Qxc6 Qxc6 23. Nxc6 Rc7 24. Nd4 Rd8 25. N2f3 Rc4 26. Rd1 g5 27. b3
Rc5 28. h3 h5 29. g4 hxg4 30. hxg4 Rcd5 31. Kg2 f5 32. Kg3 fxg4 33. Kxg4 Rf8 34.
Rd2 Rf4+ 35. Kg3 Re4 36. Re2 Rxe2 37. Nxe2 Kg7 38. Ned4 Kg6 39. b4 a5 40. a3
axb4 41. axb4 Kh5 42. Ne6 Rb5 43. Nfxg5 Rxb4 44. Nf7 Kg6 45. Nd6 Kf6 46. Nf4 Kg5
0-1

[Event "Challenge"]
[Site "http://www.queenalice.com/game.php?id=443487"]
[Date "2008.8.4"]
[Round "-"]
[White "willianfc"]
[Black "Ahlkhanvio"]
[Result "0-1"]
[WhiteElo "2050"]
[BlackElo "2156"]

1. e4 e6 2. d4 d5 3. exd5 exd5 4. Nf3 Bd6 5. Bd3 Nc6 6. O-O Nge7 7. Bg5 f6 8.
Bh4 Nb4 9. c3 Nxd3 10. Qxd3 Bf5 11. Qb5+ Qd7 12. Qxb7 O-O 13. Qa6 Rfb8 14. b3
Rb6 15. Qe2 Ng6 16. Nbd2 Re8 17. Qd1 Ba3 18. Bg3 Bb2 19. Rb1 Bxb1 20. Nxb1 Rbe6
21. Re1 Rxe1+ 22. Nxe1 Qe6 23. Nd3 Qe2 24. Qxe2 Rxe2 25. f3 c6 26. Kf1 Rc2 27.
Be1 Kf7 0-1